000 00851nam a2200193 4500
001 119949
003 ES-MaACL
005 20230906191431.0
007 t|
008 070214m19491951sp r ||||1| spa d
100 1 _aPintado Fe, Francisco.
_992208
245 1 3 _aEl carbón
_b: algunos aspectos de los estudios sobre su origen, propiedades, preparación y utilización /
_cpor Francisco Pintado Fe.
260 _aMadrid :
_bInstituto Nacional del Combustible del Patronato Juan de la Cierva de Investigacion Tecnica,
_c1949-51.
300 _a3 v. :
_bil. ;
_c25 cm.
500 _aPrecede al tít.: Consejo Superior de Investigaciones Científicas.
500 _aMemoria de un viaje de estudios realizado a Francia, Belgica, Holanda e Inglaterra.
710 2 _aInstituto Nacional del Combustible.
_95194
852 _aES-MaACL
_jD-7310-12
_bR.31687
999 _c119949
_d119949